000 00461nam a22001817a 4500
005 20210426070217.0
008 210216s1964 ||||| |||| 00| 0 eng d
040 _aeng
_cDLC
041 _aeng
080 _a94
_bM-14
100 _9907
_aMackie, D., J.
245 _aA History of Scotland
_c/ by: Penguin Books
260 _aBaltimore
_bPenguin Books
_c1964
300 _a415 p.
650 0 _9252
_aHistory
653 _aისტორია
942 _2udc
_cBK
999 _c1424
_d1424